<?xml version="1.0" encoding="UTF-8"?>
<record
    xmlns:xsi="http://www.w3.org/2001/XMLSchema-instance"
    xsi:schemaLocation="http://www.loc.gov/MARC21/slim http://www.loc.gov/standards/marcxml/schema/MARC21slim.xsd"
    xmlns="http://www.loc.gov/MARC21/slim">

  <leader>01000nac a22001931u 4500</leader>
  <controlfield tag="008">101220s        xxu||||| |||| 00| 0 ara d</controlfield>
  <datafield tag="082" ind1=" " ind2=" ">
    <subfield code="a">669.722</subfield>
    <subfield code="b">&#x63A; &#x641; &#x627;</subfield>
  </datafield>
  <datafield tag="100" ind1="1" ind2=" ">
    <subfield code="a">&#x639;&#x628;&#x62F; &#x627;&#x644;&#x63A;&#x641;&#x627;&#x631; &#x60C; &#x633;&#x639;&#x64A;&#x62F;</subfield>
    <subfield code="9">21594</subfield>
  </datafield>
  <datafield tag="245" ind1=" " ind2=" ">
    <subfield code="a">&#x62A;&#x643;&#x646;&#x648;&#x644;&#x648;&#x62C;&#x64A;&#x627; &#x627;&#x644;&#x623;&#x644;&#x648;&#x645;&#x646;&#x64A;&#x648;&#x645;. &#x62C;1 /</subfield>
    <subfield code="c">&#x633;&#x639;&#x64A;&#x62F; &#x639;&#x628;&#x62F; &#x627;&#x644;&#x63A;&#x641;&#x627;&#x631; &#x61B; &#x625;&#x634;&#x631;&#x627;&#x641; &#x623;&#x646;&#x648;&#x631; &#x645;&#x62D;&#x645;&#x648;&#x62F; &#x639;&#x628;&#x62F; &#x627;&#x644;&#x648;&#x627;&#x62D;&#x62F;</subfield>
  </datafield>
  <datafield tag="260" ind1=" " ind2=" ">
    <subfield code="a">&#x627;&#x644;&#x642;&#x627;&#x647;&#x631;&#x629; :</subfield>
    <subfield code="b">&#x645;&#x624;&#x633;&#x633;&#x629; &#x627;&#x644;&#x623;&#x647;&#x631;&#x627;&#x645; &#x60C;</subfield>
    <subfield code="c">[&#x62F; . &#x62A;].</subfield>
  </datafield>
  <datafield tag="300" ind1=" " ind2=" ">
    <subfield code="a">277 &#x635; :</subfield>
    <subfield code="c">20 &#x633;&#x645;.</subfield>
    <subfield code="b">&#x627;&#x64A;&#x636; &#x61B;</subfield>
  </datafield>
  <datafield tag="490" ind1=" " ind2="0">
    <subfield code="9">17331</subfield>
    <subfield code="a">&#x627;&#x644;&#x623;&#x633;&#x633; &#x627;&#x644;&#x62A;&#x643;&#x646;&#x648;&#x644;&#x648;&#x62C;&#x64A;&#x629; &#x61B;</subfield>
    <subfield code="n">22</subfield>
  </datafield>
  <datafield tag="650" ind1=" " ind2=" ">
    <subfield code="a">&#x627;&#x644;&#x623;&#x644;&#x648;&#x645;&#x646;&#x64A;&#x648;&#x645;</subfield>
    <subfield code="9">21596</subfield>
  </datafield>
  <datafield tag="650" ind1=" " ind2=" ">
    <subfield code="a">&#x623;&#x634;&#x63A;&#x627;&#x644; &#x627;&#x644;&#x623;&#x644;&#x648;&#x645;&#x646;&#x64A;&#x648;&#x645;</subfield>
    <subfield code="9">21597</subfield>
  </datafield>
  <datafield tag="650" ind1=" " ind2=" ">
    <subfield code="a">&#x633;&#x628;&#x627;&#x626;&#x643;  &#x627;&#x644;&#x623;&#x644;&#x648;&#x645;&#x648;&#x646;&#x64A;&#x648;&#x645;</subfield>
    <subfield code="9">21980</subfield>
  </datafield>
  <datafield tag="700" ind1="1" ind2=" ">
    <subfield code="a">&#x639;&#x628;&#x62F; &#x627;&#x644;&#x648;&#x627;&#x62D;&#x62F; &#x60C; &#x623;&#x646;&#x648;&#x631; &#x645;&#x62D;&#x645;&#x648;&#x62F;</subfield>
    <subfield code="9">21593</subfield>
    <subfield code="e">&#x625;&#x634;&#x631;&#x627;&#x641;</subfield>
  </datafield>
  <datafield tag="942" ind1=" " ind2=" ">
    <subfield code="c">BB</subfield>
    <subfield code="k">669.722 &#x63A; &#x641; &#x627;</subfield>
    <subfield code="2">ddc</subfield>
  </datafield>
  <datafield tag="999" ind1=" " ind2=" ">
    <subfield code="c">6336</subfield>
    <subfield code="d">6336</subfield>
  </datafield>
  <datafield tag="952" ind1=" " ind2=" ">
    <subfield code="0">0</subfield>
    <subfield code="1">0</subfield>
    <subfield code="2">ddc</subfield>
    <subfield code="4">0</subfield>
    <subfield code="7">0</subfield>
    <subfield code="8">Alef-Baa</subfield>
    <subfield code="a">MAIN</subfield>
    <subfield code="b">MAIN</subfield>
    <subfield code="c">1ST</subfield>
    <subfield code="d">2007-11-21</subfield>
    <subfield code="e">purchase</subfield>
    <subfield code="o">669.722 &#x63A; &#x641; &#x627;</subfield>
    <subfield code="p">000007950</subfield>
    <subfield code="r">2025-07-15 00:00:00</subfield>
    <subfield code="y">BB</subfield>
  </datafield>
</record>
